000 00478nam a2200157 i 4500
001 33703
003 ES-MaACL
005 20230906154815.0
007 t|
008 030203s1972 sp ||||1| spa d
100 1 _aBeysterveldt, Antony van.
_928726
245 1 3 _aLa poesía amatoria del siglo XV y el teatro profano de Juan del Encima /
_cAntony van Beysterveldt.
260 _aMadrid :
_bInsula,
_c1972.
300 _a294 p. ;
_c22 cm.
852 _aES-MaACL
_jC-42928
_bR.82578
999 _c33703
_d33703